5HLuxD.jpg

KING HENRY VIII SENIOR AND PRIMARY SCHOOL LIBRARY OPAC

Peppa Pig: (Record no. 2383)

000 -LEADER
fixed length control field 00516nam a22001817a 4500
005 - DATE AND TIME OF LATEST TRANSACTION
control field 20230503100127.0
008 - FIXED-LENGTH DATA ELEMENTS--GENERAL INFORMATION
fixed length control field 230503b ||||| |||| 00| 0 eng d
020 ## - INTERNATIONAL STANDARD BOOK NUMBER
International Standard Book Number 9780723299028
040 ## - CATALOGING SOURCE
Transcribing agency KH8
082 ## - DEWEY DECIMAL CLASSIFICATION NUMBER
Classification number 823.92 AST
100 ## - MAIN ENTRY--PERSONAL NAME
Personal name Astley, Neville
Relator term Authors
245 ## - TITLE STATEMENT
Title Peppa Pig:
Remainder of title George's new dinosaur /
Statement of responsibility, etc. Neville Astley
260 ## - PUBLICATION, DISTRIBUTION, ETC.
Place of publication, distribution, etc. London [etc.],
Name of publisher, distributor, etc. Ladybird,
Date of publication, distribution, etc. 2014
300 ## - PHYSICAL DESCRIPTION
Extent [24] str. :
Other physical details ilustr. ;
Dimensions 21 cm.
650 ## - SUBJECT ADDED ENTRY--TOPICAL TERM
Topical term or geographic name entry element children's story
700 ## - ADDED ENTRY--PERSONAL NAME
Personal name Mark Baker
Relator term Author
942 ## - ADDED ENTRY ELEMENTS (KOHA)
Source of classification or shelving scheme
Koha item type Books - Fiction
Holdings
Withdrawn status Lost status Source of classification or shelving scheme Damaged status Not for loan Collection code Permanent Location Current Location Shelving location Date acquired Total Checkouts Full call number Barcode Date last seen Date last checked out Price effective from Koha item type
          Fiction KH8 Primary School Library KH8 Primary School Library Non Fiction 2023-05-03 7 823.92 AST KHPL000004131 2025-12-05 2025-11-11 2023-05-03 Books - Fiction

Powered By KH8 IT Dept